La preparación musical de los mas pequeños /

Guardado en:
Autor Principal: Willems, Edgar
Formato: Libro
Publicado: Buenos Aires : Eudeba, 1962
Materias:
Etiquetas: Agregar Etiqueta
Sin Etiquetas, Sea el primero en etiquetar este registro!
LEADER 00469nam a22001695a 4500
001 CEM.cems006682
005 20060214000000.0
008 130507s1962##################000#0#####d
003 CEMS
082 0 4 |a 780.77 
100 1 |a Willems, Edgar 
245 1 0 |a La preparación musical de los mas pequeños / 
260 |a Buenos Aires :  |b Eudeba,  |c 1962 
300 |a 103 
653 |a Música 
653 |a Música-enseñanza 
859 |a CEMS  |b BIB. CEMS - 11 de abril  |h 780.77  |i W667  |p 5969.77  |t Ej.1